Geology and water resources of a portion of Yakima county, Wash. / (Record no. 24120)
[ view plain ]
| 000 -LEADER | |
|---|---|
| fixed length control field | 01046cam a22002531 4500 |
| 001 - CONTROL NUMBER | |
| control field | gs 05000008 |
| 003 - CONTROL NUMBER IDENTIFIER | |
| control field | DLC |
| 005 - DATE AND TIME OF LATEST TRANSACTION | |
| control field | 20260227111259.0 |
| 008 - FIXED-LENGTH DATA ELEMENTS--GENERAL INFORMATION | |
| fixed length control field | 840917s1901 dcuabf f000 0 eng c |
| 010 ## - LIBRARY OF CONGRESS CONTROL NUMBER | |
| LC control number | gs 05000008 |
| 035 ## - SYSTEM CONTROL NUMBER | |
| System control number | (OCoLC)11164202 |
| 040 ## - CATALOGING SOURCE | |
| Original cataloging agency | U.S. Geol. survey. Library |
| Transcribing agency | CLS |
| Modifying agency | DLC |
| 042 ## - AUTHENTICATION CODE | |
| Authentication code | premarc |
| 050 00 - LIBRARY OF CONGRESS CALL NUMBER | |
| Classification number | TC801 |
| Item number | .U2 no. 55 |
| 051 ## - LIBRARY OF CONGRESS COPY, ISSUE, OFFPRINT STATEMENT | |
| Classification number | TC824.W2 |
| Item number | S6 |
| 100 1# - MAIN ENTRY--PERSONAL NAME | |
| Personal name | Smith, George Otis, |
| Dates associated with a name | 1871-1944. |
| 245 10 - TITLE STATEMENT | |
| Title | Geology and water resources of a portion of Yakima county, Wash. / |
| Statement of responsibility, etc. | by George Otis Smith. |
| 260 ## - PUBLICATION, DISTRIBUTION, ETC. | |
| Place of publication, distribution, etc. | Washington : |
| Name of publisher, distributor, etc. | Govt. Print. Off., |
| Date of publication, distribution, etc. | 1901. |
| 300 ## - PHYSICAL DESCRIPTION | |
| Extent | 68 p. : |
| Other physical details | illus., VII pl. (incl. double map) ; |
| Dimensions | 23 cm. |
| 490 0# - SERIES STATEMENT | |
| Series statement | U.S. Geological survey. Water-supply and irrigation paper |
| Volume/sequential designation | no. 55 |
| 501 ## - WITH NOTE | |
| With note | TC801.U2 no. 55 with : Geology and water resources of Nez Perce County, Idaho. Washington : Govt. Print. Off., 1901. Bound together subsequent to publication. |
| Institution to which field applies | DLC |
| 650 #0 - SUBJECT ADDED ENTRY--TOPICAL TERM | |
| Topical term or geographic name entry element | Geology |
| Geographic subdivision | Washington (State) |
| -- | Yakima County. |
| 650 #0 - SUBJECT ADDED ENTRY--TOPICAL TERM | |
| Topical term or geographic name entry element | Water-supply |
| Geographic subdivision | Washington (State) |
| -- | Yakima County. |
No items available.